Ματιές στη θάλασσα
Αποθηκεύτηκε σε:
| Κύριος συγγραφέας: | |
|---|---|
| Μορφή: | Βιβλίο |
| Γλώσσα: | Greek |
| Δημοσίευση: |
[Αθήνα] :
Εστία,
[19--;]
|
| Θέματα: | |
| Ετικέτες: |
Προσθήκη ετικέτας
Δεν υπάρχουν, Καταχωρήστε ετικέτα πρώτοι!
|
MARC
| LEADER | 00000cam a2200000 i 4500 | ||
|---|---|---|---|
| 001 | 1/81524 | ||
| 008 | 050719q19001970 gre d | ||
| 035 | |l 10079292 | ||
| 040 | |a GR-MY-UA |b gre |e aacr | ||
| 041 | 0 | |a gre | |
| 082 | 0 | |a 889.3 |2 (22) | |
| 100 | 1 | |a Ποταμιάνος, Θέμος, |d 1895-1973. | |
| 245 | 1 | 0 | |a Ματιές στη θάλασσα / |c Θέμου Ποταμιανού |
| 260 | |a [Αθήνα] : |b Εστία, |c [19--;] | ||
| 300 | |a 189 σ.; |b εικ.; |c 25 εκ. | ||
| 500 | |a Με: Φυλλορροήματα / Άδα Κισσάβου - Χαρτερού. - Η μικρή μου συλλογή: του υδροχόου το Περι-βόλι... / Τζίνα Αργυριάδη - Σταθοπούλου. - Η ανθρωπολογία του Μεγάλου Βασιλείου / Ολυμπίας Παπαδοπούλου - Τσανανά. - Αιώνιες αναζητήσεις και ανάλογες θεωρήσεις / Ιωάννου Δ. Δρούλια | ||
| 650 | 0 | 0 | |a Sea in literature. |
| 650 | 0 | 0 | |a Greek literature. |
| 650 | 0 | 0 | |a Marine ecology. |
| 852 | |a INST |b RHODES |c KRI |e 20050719 |h 889.3 ΠΟΤ |p 005400030798 |q 005400030798 |t BK |y 0 | ||
| 901 | |a BIBL4-2005-2 | ||
| 909 | |a Ρ |b 121899 | ||
| 970 | |a ΚΟΖΑ |b ΜΑΡΙΑ |z 2005/07/19 | ||